Central Library OPAC University of Rajshahi

Mentally retarded children : (Record no. 29918)

MARC details
000 -LEADER
fixed length control field 00981nam a2200277 4500
001 - CONTROL NUMBER
control field 29918
003 - CONTROL NUMBER IDENTIFIER
rucl marc code BD-RjUL
005 - DATE AND TIME OF LATEST TRANSACTION
control field 20211209051500.0
008 - FIXED-LENGTH DATA ELEMENTS--GENERAL INFORMATION
fixed length control field 140408s1972 ii b 000 0 eng
035 ## - SYSTEM CONTROL NUMBER
System control number (BD-RjUL)30003
040 ## - CATALOGING SOURCE
Original cataloging agency DLC
Transcribing agency DLC
Modifying agency DLC
-- BD-RjUL
Language of cataloging eng
041 ## - LANGUAGE CODE
Language code of text/sound track or separate title eng
082 00 - DEWEY DECIMAL CLASSIFICATION NUMBER
Classification number 618.92858809
Author mark and year MEN 1972
245 00 - TITLE STATEMENT
Title Mentally retarded children :
Remainder of title an intensive study of 100 cases /
Statement of responsibility, etc. Project directors: J. C. Marfatia and others; collaborators: Usha K. Shah and N. C. Asher.
260 ## - PUBLICATION, DISTRIBUTION, ETC. (IMPRINT)
Place of publication, distribution, etc. Bombay :
Name of publisher, distributor, etc. Popular Prakashan,
Date of publication, distribution, etc. 1972.
300 ## - PHYSICAL DESCRIPTION
Pagination ix, 103 p. ;
Size 22 cm.
504 ## - BIBLIOGRAPHY, ETC. NOTE
Bibliography, etc Bibliography: p. 99-103.
650 #0 - SUBJECT ADDED ENTRY--TOPICAL TERM
Topical term or geographic name as entry element Children with mental disabilities
Form subdivision Case studies.
9 (RLIN) 91020
700 1# - ADDED ENTRY--PERSONAL NAME
Personal name Marfatia, Jayant Chhotalal,
Dates associated with a name 1913-
Personal name Shah, Usha K.
Personal name Asher, N. C.
710 2# - ADDED ENTRY--CORPORATE NAME
Corporate name or jurisdiction name as entry element Motibai Thackersey Institute of Research in Mental Retardation.
9 (RLIN) 91024
942 ## - ADDED ENTRY ELEMENTS (KOHA)
Source of classification or shelving scheme Dewey Decimal Classification
Koha item type Books
Holdings
Lost status Source of classification or shelving scheme Damaged status Not for loan Collection code Permanent Location Current Location Shelving location Date acquired Source of acquisition Cost, normal purchase price Total Checkouts Full call number Date last seen Copy number Koha item type
  Dewey Decimal Classification   Added to bundle Non-fiction Central Library, University of Rajshahi Central Library, University of Rajshahi Reading Room 14/08/1985 Tulip enterprize, Dhaka. 28.00   618.92858809 MEN 1972 08/04/2014 C-1 Books
  Dewey Decimal Classification     Non-fiction Central Library, University of Rajshahi Central Library, University of Rajshahi   14/08/1985 Tulip enterprize, Dhaka. 28.00   618.92858809 MEN 1972 08/04/2014 C-3 Books